| 000 | 00889nam a22002537a 4500 | ||
|---|---|---|---|
| 999 |
_c8065 _d8065 |
||
| 003 | AR-CdUCM | ||
| 008 | 190322b ||||| |||| 00| 0 spa d | ||
| 040 |
_aMUNICIPALIDAD PROVINCIAL DEL CUSCO _cBIBLIOTECA MUNICIPAL DEL CUSCO |
||
| 082 |
_a373 / _bP19 |
||
| 100 |
_aPalmade, Guy _922783 |
||
| 245 | _aLos Metodos en Pedagogia / | ||
| 260 |
_aBuenos Aires : _bPaidos, _c1964. |
||
| 300 |
_a165 paginas ; _c19 cm. |
||
| 440 |
_aBiblioteca del educador contemporáneo _n4 _922784 |
||
| 500 | _aPedagogia Traducción de: Les methodes en pedagogie. | ||
| 505 | _aContenido: Metodos tradicionales -- enfoque psicologico -- infancia y adolescencia -- didactica | ||
| 650 |
_aPedagogia _91560 |
||
| 650 |
_aEducación _9460 |
||
| 650 |
_aEnfoque psicologico _922785 |
||
| 650 |
_aPsicologia _91538 |
||
| 700 |
_aVieyra Witcomb, Jorge Ricardo _922786 |
||
| 942 |
_2ddc _cLIBROS |
||
| 945 | _apjha | ||